Statystyki dla 10 największych półwyspów na mapie

Kliknij tutaj aby rozwiązać quiz!

Ogólne statystyki

  • Ten quiz został rozwiązany 256 razy
  • Średni wynik to 7 z 10

Odpowiedzi na mapie

Odpowiedzi skodowane kolorowo w zielono-czerwonej skali na mapie do tego quizu, zgodnie z poniższymi procentami.
 

Statystyki odpowiedzi

NrPółwysepPowierzchnia (mln km²)Kontynent% Poprawnych
1Arabski2,78Azja
98%
3Indyjski2,10Azja
94%
7Skandynawski0,80Europa
93%
9Iberyjski0,58Europa
92%
4Alaska1,72Ameryka Północna
91%
8Somalijski0,75Afryka
77%
2Indochiński2,30Azja
67%
5Labrador1,43Ameryka Północna
52%
10Antarktyczny0,52Antarktyda
14%
6Fennoskandzki1,23Europa
11%

Rozkład punktacji

Percentyl według liczby udzielonych odpowiedzi

Procent ludzi z każdym wynikiem

Twoja historia wyników

Nie rozwiązałeś tego quizu